| 000 | 00636cam a2200193 a 4500 | ||
|---|---|---|---|
| 001 | 000010652 | ||
| 005 | 20200929162250.0 | ||
| 008 | 740530s1964 nyua 000 0 eng d | ||
| 040 |
_aDO-SdBNP _beng _cLC _dBNPHU |
||
| 082 |
_a510.9 _bE93i |
||
| 100 | 1 |
_aEves, Howard Whitley, _d1911- _925792 |
|
| 245 | 1 | 3 |
_aAn introduction to the history of mathematics / _cHoward Eves. |
| 260 |
_aNew York : _bHolt, Rinehart and Winston, _c1964. |
||
| 300 |
_a439 p. : _bil. ; _c24 cm. |
||
| 650 | 4 |
_aMatemáticas _xHistoria _925793 |
|
| 650 | 4 |
_aMatemáticas _xProblemas ejercicios, etc _919473 |
|
| 910 | _aCatalogación por copia / LC | ||
| 049 | _aBNGR | ||
| 999 |
_c10407 _d10407 |
||